Country Neighbour Quiz - Statistics

General Stats
  • This quiz has been taken 53 times
  • The average score is 77 of 120
Answer Stats
Question Tile Select % Correct
Spain Andorra Yes
100%
Spain Greece No
100%
Spain Ukraine No
100%
Spain Ireland No
98%
Spain Luxembourg No
95%
Spain Portugal Yes
95%
Spain France Yes
93%
Spain Italy No
90%
Spain Algeria No
88%
Spain Monaco No
88%
Saudi Arabia Oman Yes
83%
Saudi Arabia Yemen Yes
83%
Colombia Argentina No
80%
Colombia Chile No
80%
Colombia El Salvador No
80%
Saudi Arabia Qatar Yes
80%
Colombia France No
78%
Saudi Arabia Kuwait Yes
78%
Colombia Suriname No
78%
Saudi Arabia United Arab Emirates Yes
76%
Colombia Venezuela Yes
76%
Colombia Ecuador Yes
73%
Denmark Estonia No
73%
Colombia Guyana No
73%
Denmark Iceland No
73%
Turkey Jordan No
73%
Turkey Romania No
73%
Denmark Russia No
73%
Turkey Armenia Yes
71%
Colombia Brazil Yes
71%
Nigeria Côte d'Ivoire (Ivory Coast) No
71%
Indonesia India No
71%
Denmark Lithuania No
71%
Nigeria Niger Yes
71%
Indonesia Palau No
71%
Turkey Russia No
71%
Turkey Syria Yes
71%
Indonesia Cambodia No
68%
Denmark Finland No
68%
Denmark Germany Yes
68%
Nigeria Libya No
68%
Indonesia Malaysia Yes
68%
Denmark Netherlands No
68%
Colombia Panama Yes
68%
Denmark Poland No
68%
Nigeria South Sudan No
68%
Denmark United Kingdom No
68%
Serbia Czechia (Czech Republic) No
66%
Indonesia Fiji No
66%
Saudi Arabia Iran No
66%
Saudi Arabia Israel No
66%
Colombia Peru Yes
66%
Saudi Arabia Syria No
66%
Indonesia Australia No
63%
Colombia Bolivia No
63%
Saudi Arabia Egypt No
63%
Haiti France No
63%
Nigeria Ghana No
63%
Turkey Greece Yes
63%
Saudi Arabia Jordan Yes
63%
Botswana Madagascar No
63%
Spain Morocco Yes
63%
Haiti Netherlands No
63%
Haiti Venezuela No
63%
Haiti Barbados No
61%
Serbia Bosnia and Herzegovina Yes
61%
Haiti Dominican Republic Yes
61%
Botswana eSwatini (Swaziland) No
61%
Turkey Georgia Yes
61%
Serbia Greece No
61%
Botswana Lesotho No
61%
Botswana Rep. of Congo (Brazzaville) No
61%
Indonesia Thailand No
61%
Indonesia Timor Leste (East Timor) Yes
61%
Haiti Trinidad and Tobago No
61%
Nigeria Benin Yes
59%
Denmark Canada No
59%
Haiti Dominica No
59%
Nigeria Equatorial Guinea No
59%
Nigeria Gabon No
59%
Turkey Lebanon No
59%
Indonesia Papua New Guinea Yes
59%
Indonesia Philippines No
59%
Haiti Saint Lucia No
59%
Botswana South Africa Yes
59%
Haiti Bahamas No
56%
Turkey Bulgaria Yes
56%
Haiti Cuba No
56%
Haiti Jamaica No
56%
Haiti Saint Kitts and Nevis No
56%
Nigeria Togo No
56%
Botswana DR Congo (Kinshasa) No
54%
Saudi Arabia Iraq Yes
54%
Serbia Kosovo Yes
54%
Serbia Montenegro Yes
54%
Botswana Namibia Yes
54%
Denmark Norway No
54%
Serbia Slovakia No
54%
Nigeria Cameroon Yes
51%
Turkey Iraq Yes
51%
Serbia Romania Yes
51%
Serbia Slovenia No
51%
Serbia Croatia Yes
49%
Serbia North Macedonia Yes
49%
Botswana Zimbabwe Yes
49%
Nigeria Chad Yes
46%
Serbia Hungary Yes
46%
Turkey Iran Yes
46%
Indonesia Singapore No
46%
Botswana Malawi No
44%
Botswana Mozambique No
44%
Botswana Zambia Yes
44%
Saudi Arabia Bahrain Yes
41%
Turkey Azerbaijan Yes
39%
Serbia Bulgaria Yes
39%
Nigeria Burkina Faso No
39%
Denmark Sweden No
39%
Indonesia Brunei No
37%
Spain United Kingdom Yes
34%
Botswana Angola No
27%
No matching quizzes found
Score Distribution
Percent of People with Each Score
Percentile by Number Answered
Your Score History
You have not taken this quiz